| 000 | 00731nam a22002297a 4500 | ||
|---|---|---|---|
| 005 | 20250725105818.0 | ||
| 008 | 250725b |||||||| |||| 00| 0 eng d | ||
| 020 | _a978-600-339-005-8 (hbk) | ||
| 037 | _cTB | ||
| 040 |
_aCRL _cCRL |
||
| 041 |
_2PER _aPER |
||
| 084 |
_aO164,6E78x Q4 _bCRL |
||
| 100 |
_aGilani, Sheikh Abdul Qadir _9816502 |
||
| 245 | _aRasail Abdul Qadir Gilani | ||
| 260 |
_aTehran, Iran: _bMola Publishers, _c2014. |
||
| 300 | _a94p. | ||
| 365 |
_b400.00 _cINR |
||
| 650 | _aPersian Literature | ||
| 650 |
_aPersian Prose _9997 |
||
| 942 |
_2CC _cTB _hO164,6E78x Q4 _n0 |
||
| 999 |
_c1434275 _d1434275 |
||